000 00631cam a2200217 4500
001 3871
003 http://catalogue.bnf.fr/ark:/12148/cb43680722t
005 20240520115111.0
008 240520b cb ||||| |||| 00| 0 fre d
010 _a978-2-919059-10-2
_bbr.
020 _a9782919059102
040 _beng
_cFISKH
041 _afre
082 _a841
100 _aAlbisser, Richard
245 _aDouves éphémères
_cRichard Albisser
260 _aNew York :
_bRiffle Nord,
_c2013
300 _a122 pages :
_c17 cm
500 _ahand written autograph and dedication note by the author to a "Marie."
942 _2ddc
_cBK
_n0
999 _c3871
_d3871